Statistics for All Mario Kart Characters

Click here to take the quiz!

General Stats

  • This quiz has been taken 34 times
  • The average score is 42 of 66

Answer Stats

HintAnswer% Correct
Super Mario KartBowser
100%
Mario Kart 64Donkey Kong
100%
Super Mario KartLuigi
100%
Super Mario KartMario
100%
Super Mario KartPeach
100%
Mario Kart: Double Dash!!Waluigi
100%
Mario Kart 64Wario
100%
Mario Kart: Double Dash!!Baby Mario
96%
Super Mario KartYoshi
96%
Mario Kart WiiBaby Daisy
92%
Mario Kart: Double Dash!!Baby Luigi
92%
Mario Kart WiiBaby Peach
92%
Super Mario KartToad
92%
Mario Kart: Double Dash!!Daisy
88%
Mario Kart: Double Dash!!Diddy Kong
88%
Super Mario KartKoopa Troopa
88%
Mario Kart: Double Dash!!Bowser Jr.
85%
Mario Kart WiiMii
85%
Mario Kart DSDry Bones
81%
Mario Kart: Double Dash!!Toadette
81%
Mario Kart 8Link
77%
Mario Kart: Double Dash!!King Boo
73%
Mario Kart WiiRosalina
73%
Mario Kart 8Villager Boy
73%
Mario Kart 8Villager Girl
73%
Mario Kart WiiFunky Kong
69%
Mario Kart 8 DeluxeInkling Boy
69%
Mario Kart 8 DeluxeInkling Girl
69%
Mario Kart 8 DeluxePauline
69%
Mario Kart DSShy Guy
69%
Mario Kart 8Baby Rosalina
65%
Mario Kart: Double Dash!!Birdo
65%
Mario Kart 8Lemmy
65%
Mario Kart 7Metal Mario
65%
Mario Kart 8Morton
65%
Mario Kart 8Roy
65%
Mario Kart 7Wiggler
65%
Mario Kart WiiDry Bowser
62%
Mario Kart 8Iggy
62%
Mario Kart 8Larry
62%
Mario Kart 8Wendy
62%
Super Mario KartDonkey Kong Jr.
58%
Mario Kart 8 DeluxeKamek
58%
Mario Kart 7Lakitu
58%
Mario Kart 8Ludwig
58%
Mario Kart 8 DeluxePeachette
58%
Mario Kart 8Isabelle
54%
Mario Kart: Double Dash!!Petey Piranha
54%
Mario Kart DSR.O.B.
54%
Mario Kart 8Tanooki Mario
54%
Mario Kart 8Pink Gold Peach
50%
Mario Kart 8Cat Peach
46%
Mario Kart 7Honey Queen
46%
Mario Kart: Double Dash!!Paratroopa
46%
Mario Kart 8 DeluxeGold Mario
38%
Mario Kart TourDixie Kong
35%
Mario Kart TourHammer Bro
31%
Mario Kart TourKing Bob-omb
31%
Mario Kart TourMonty Mole
31%
Mario Kart TourNabbit
23%
Mario Kart TourCaptain Toad
19%
Mario Kart TourChargin' Chuck
19%
Mario Kart TourPoochy
15%
Mario Kart TourBoomerang Bro
12%
Mario Kart TourFire Bro
12%
Mario Kart TourIce Bro
12%

Score Distribution

Percentile by Number Answered

Percent of People with Each Score

Your Score History

You have not taken this quiz